| 000 | 00679nam a22001937a 4500 | ||
|---|---|---|---|
| 999 |
_c197195 _d197195 |
||
| 005 | 20230817161440.0 | ||
| 010 | _aUR-12136 | ||
| 020 |
_a9789392496950 _c275.00 |
||
| 035 | _aU-10691 | ||
| 037 | _bDBAD/PUB | ||
| 082 | _a270 | ||
| 100 | _aانوار الحق تبسم | ||
| 245 |
_aعالمی تہز یب کو اسلام کا عطیہ / _cانوار الحق تبسم |
||
| 246 |
_aAalami Tahzeeb ko Islam ka Atia / _bby Anwarul Haque Tabbassum |
||
| 260 |
_aNew Delhi _bEducational Publishing House _c2022 ء |
||
| 270 |
_aH.O. D1/16, Ansari Road, Darya Ganj _bNew Delhi _e110002 |
||
| 300 |
_a176 ص _c22cm(Hb) |
||
| 942 |
_2ddc _cUR _mا ن و _e _h270 |
||